000 01186cam a2200241 4500
001 ABS68301
008 041028n2004 000 0 eng u
035 _a(Sirsi) u127862
100 _aFoster, J.
245 _aCompetitive streak
260 _c2004
490 _aBuilding
_v269(8353) 15 October 2004, 56-57(2)
520 _aDiscusses the consequences of the government announcement that Registered Social Landlords (RSLs) are public bodies for the purposes of EU procurement rules. This will mean that every planned contract for works or services will now have to be reviewed to see if the rules apply and RSLs will have to factor in an appropriate time frame to undertake the necessary advertising, selection and bidding process. They must also consider whether they can continue with their existing contractual arrangements with suppliers and consultants.
590 _aABS
590 _aABS
650 _aREGISTERED SOCIAL LANDLORDS
650 _aEU PUBLIC PROCUREMENT RULES
650 _aEUROPEAN COMMISSION
650 _aEUROPEAN COURT
650 _aPARTNERING AGREEMENTS
690 _aBUILDING AND CONSTRUCTION-PROCUREMENT, PARTNERING, TENDERING
942 _n0
999 _c118248
_d118248